| 000 | 00515nam a2200181Ia 4500 | ||
|---|---|---|---|
| 999 |
_c19172 _d19172 |
||
| 003 | OSt | ||
| 005 | 20200703113033.0 | ||
| 008 | 190216s9999||||xx |||||||||||||| ||und|| | ||
| 020 | _a0198217048 | ||
| 040 | _coclc | ||
| 082 |
_a942.06 _bDAV/E |
||
| 100 |
_aDavies, Godfrey _93503 |
||
| 245 | 4 |
_aThe Early Stuarts 1603-1660 / _cGodfrey Davies |
|
| 250 | _a2nd Ed. | ||
| 260 |
_bOxford University Press, _aLondon: _c1959. |
||
| 300 | _a458p | ||
| 942 |
_cBK _2ddc _h942.06 _iDAV/E _k942.06 _mDAV/E |
||